| 000 | 00309nam a22001217a 4500 | ||
|---|---|---|---|
| 082 |
_a954.03 _bRUL |
||
| 100 |
_aHunter, William Wilson _949482 |
||
| 245 | _aClyde and strathnairn | ||
| 260 |
_aUk, _bOxford university press, |
||
| 300 | _a200p | ||
| 526 |
_a0 _b0 _c0 _d954_030000000000000_RUL |
||
| 942 |
_2ddc _cBK |
||
| 999 |
_c553242 _d553242 |
||